| 000 | 00823nam a2200265 a 4500 | ||
|---|---|---|---|
| 005 | 20260322212058.0 | ||
| 008 | data | ||
| 010 | _a 92131738 | ||
| 020 | _a0899703887 | ||
| 020 | _a9780899703886 | ||
| 040 |
_aDLC _cDLC |
||
| 043 | _an-us--- | ||
| 050 | 0 | 0 |
_aKF2905.3 _b.C36 1990 |
| 096 | _aW 44 C155g 1990 | ||
| 100 | 1 | _aCampion, Francis X. | |
| 245 | 1 | 0 |
_aGrand rounds on medical malpractice / _cFrancis X. Campion. |
| 260 |
_aChicago : _bAmerican Medical Association, _aChicago : _bAmerican Medical Association, _cc1990. |
||
| 300 |
_axix, 372 p. : _bill. ; _c26 cm. |
||
| 504 | _aIncludes bibliographical references and index. | ||
| 590 | _aIncludes index. | ||
| 650 | 0 |
_aPhysicians _xMalpractice _zUnited States. |
|
| 710 | 2 | _aRisk Management Foundation. | |
| 710 | 2 | _aAmerican Medical Association. | |
| 001 | data | ||
| 999 |
_c1395 _d1395 |
||